000 00944nam a22002417a 4500
008 240706b mp ||||| |||| 00| 0 mon d
020 _a978-99973-1-742-1
035 _a62379
040 _aBH0164090
_bmon
_cMN-UlNLM
_dMN-UlNLM
_erda
041 _amon
042 _a188218
084 _2NNA
_a83.8
_bА.94
100 _aАшард М.
245 0 _aЦөөхүүл ч гэсэн бидний индианчууд
264 _aУБ.
_bМонсудар хэвлэлийн газар
_c2022
300 _a147х.
336 _2rdacontent
_atext
_btxt
337 _2rdamedia
_aunmediated
_bn
338 _2rdacarrier
_avolume
_bnc
650 _aМарион Ашард энэхүү бүтээлдээ томчуудын гаргадаг нийтлэг алдааг хошин, сонирхолтой байдлаар дүрсэлжээ. Тэрээр хүүхэд сахилгагүйт...
942 _2NNA
_cBK
999 _c1122565
_d1122622